<?xml version="1.0" encoding="UTF-8"?>
<record
    xmlns:xsi="http://www.w3.org/2001/XMLSchema-instance"
    xsi:schemaLocation="http://www.loc.gov/MARC21/slim http://www.loc.gov/standards/marcxml/schema/MARC21slim.xsd"
    xmlns="http://www.loc.gov/MARC21/slim">

  <leader>01600    a2200229   4500</leader>
  <controlfield tag="001">53874</controlfield>
  <controlfield tag="005">20260407155809.0</controlfield>
  <controlfield tag="008">260407a1977    arg                 spa d</controlfield>
  <controlfield tag="003">AR-UNSa-BCEJYS</controlfield>
  <datafield tag="040" ind1=" " ind2=" ">
    <subfield code="a">AR-UNSa-BCEJYS</subfield>
    <subfield code="b">spa</subfield>
    <subfield code="c">AR-UNSa-BCEJYS</subfield>
  </datafield>
  <datafield tag="080" ind1=" " ind2=" ">
    <subfield code="a">330.8</subfield>
    <subfield code="x">Historia de las teor&#xED;as, Doctrinas, Dogmas econ&#xF3;micos (pensamiento econ&#xF3;mico)</subfield>
  </datafield>
  <datafield tag="245" ind1="1" ind2="0">
    <subfield code="a">El pensamiento econ&#xF3;mico moderno</subfield>
  </datafield>
  <datafield tag="020" ind1=" " ind2=" ">
    <subfield code="a">968-419-108-1</subfield>
  </datafield>
  <datafield tag="264" ind1=" " ind2="1">
    <subfield code="a">M&#xE9;xico :</subfield>
    <subfield code="b">Grijalbo</subfield>
    <subfield code="c">1977</subfield>
  </datafield>
  <datafield tag="300" ind1=" " ind2=" ">
    <subfield code="a">176 p.</subfield>
    <subfield code="c">19 cm.</subfield>
  </datafield>
  <datafield tag="505" ind1=" " ind2=" ">
    <subfield code="a">1. La orientaci&#xF3;n del pensamiento econ&#xF3;mico con el advenimiento de la teor&#xED;a marginal y el abandono de la l&#xED;nea de investigaci&#xF3;n de los economistas cl&#xE1;sicos - 2. Walras y el an&#xE1;lisis del equilibrio econ&#xF3;mico general. Insuficiencias sustanciales de la teor&#xED;a marginal del valor y del capital &#x2013; 3. Teor&#xED;a del desarrollo capitalista. El an&#xE1;lisis de J. Schumpeter: Analog&#xED;as y diferencias relevantes con el de K. Marx &#x2013; 4. El capitalismo monopolista y las teor&#xED;as sobre nuevas &#x201C;formas de mercado&#x201D; &#x2013; 5. La teor&#xED;a de J. M. Keynes y las pol&#xED;ticas Keynesianas &#x2013; 6. Modelos macroecon&#xF3;micos y metodolog&#xED;as de la programaci&#xF3;n. La aplicaci&#xF3;n de las matem&#xE1;ticas y la econom&#xED;a &#x2013; 7. Planificaci&#xF3;n socialista y an&#xE1;lisis econ&#xF3;mico &#x2013; 8. Teor&#xED;a econ&#xF3;mica y capitalismo contempor&#xE1;neo &#x2013; 9. Orientaciones actuales del pensamiento econ&#xF3;mico.  </subfield>
  </datafield>
  <datafield tag="041" ind1=" " ind2=" ">
    <subfield code="a">spa</subfield>
  </datafield>
  <datafield tag="942" ind1=" " ind2=" ">
    <subfield code="c">BK</subfield>
  </datafield>
  <datafield tag="590" ind1=" " ind2=" ">
    <subfield code="a">niveau_biblio:m niveau_hierar:0</subfield>
  </datafield>
  <datafield tag="100" ind1="1" ind2=" ">
    <subfield code="a">Vitello, Vincenzo</subfield>
  </datafield>
  <datafield tag="856" ind1="4" ind2="1">
    <subfield code="u">https://biblioeco.unsa.edu.ar/pmb/images/libros/L128454.jpg</subfield>
    <subfield code="y">Imagen de portada</subfield>
    <subfield code="q">image/jpeg</subfield>
  </datafield>
  <datafield tag="999" ind1=" " ind2=" ">
    <subfield code="c">5275</subfield>
    <subfield code="d">5275</subfield>
  </datafield>
  <datafield tag="952" ind1=" " ind2=" ">
    <subfield code="0">0</subfield>
    <subfield code="1">0</subfield>
    <subfield code="4">0</subfield>
    <subfield code="7">0</subfield>
    <subfield code="a">BCEJYS</subfield>
    <subfield code="b">BCEJYS</subfield>
    <subfield code="c">16</subfield>
    <subfield code="d">2026-04-07</subfield>
    <subfield code="l">0</subfield>
    <subfield code="o">330.8 V839</subfield>
    <subfield code="p">L128454</subfield>
    <subfield code="r">2026-04-07 15:58:09</subfield>
    <subfield code="w">2026-04-07</subfield>
    <subfield code="y">L</subfield>
  </datafield>
</record>
